La plus grosse valeur marchande par club de Liga - Statistiques

Statistiques générales
  • Ce quiz a été pris 43 fois
  • Le résultat moyen est 7 sur 20
Statistiques - réponses
Club Valeur (Millions) Nationalité Joueur % Correct
Real Vardrid 180 France Kylian Mbappe
100%
FC Barcelone 120 Espagne Lamine Yamal
94%
Atlético de Madrid 90 Argentine Julián Alvarez
89%
Real Sociedad 50 Japon Takefusa Kubo
81%
Athletic Bilbao 70 Espagne Nico Williams
78%
FC Valencia 45 Géorgie Giorgi Mamardashvili
47%
Girona FC 30 Ukraine Viktor Tsygankov
36%
Real Betis Balompié 30 Brésil Vitor Roque
28%
RCD Mallorca 12 Kosovo Vedat Muriqi
25%
Villarreal CF 40 Espagne Álex Baena
22%
CD Leganés 10 Côte d'Ivoire Sébastien Haller
19%
Celta Vigo 9 Côte d'Ivoire Jonathan Bamba
17%
CA Osasuna 15 Espagne Aimar Oroz
11%
UD Las Palmas 15 Espagne Alberto Moleiro
11%
FC Getafe 15 Espagne Borja Mayoral
11%
Rayo Vallecano 8 Espagne Isi Palazón
11%
Espanyol Barcelona 9 Argentine Alejo Veliz
8%
Deportivo Alavés 8 Espagne Manu Sánchez
8%
Real Valladolid 4 Turquie Cenk Özkacar
6%
Séville FC 18 Espagne Isaac Romero
3%
Aucun quiz correspondant
Distribution des résultats
% des personnes avec chaque résultat
Percentile par nombre de réponses
Votre historique - résultats
Vous n’avez pas pris ce quiz